Biblioteca

Jerusalem's essene gateway : (Registro nro. 53780)

Detalles MARC
000 -LÍDER
Campo fijo de descripción fija 01262aas a2200229 4500
001 - NÚMERO DE CONTROL
Campo de control 768714001
003 - IDENTIFICADOR DEL NÚMERO DE CONTROL
Campo de control CO-MdFUSB
005 - FECHA Y HORA DE LA ULTIMA TRANSACCIÓN
control field 20171114110816.0
008 - ELEMENTOS DE LONGITUD FIJA -- INFORMACIÓN GENERAL
Campo fijo de descripción fija -- Información general 170804s1997 xxu||||| |||| 00| 0 eng d
022 ## - NÚMERO INTERNACIONAL NORMALIZADO PARA PUBLICACIONES SERIADAS
Número Internacional Normalizado para Publicaciones Seriadas 0098-9444
040 ## - FUENTE DE CATALOGACIÓN
Agencia Catalogadora CO-MdFUSB
Idioma de catalogación spa
Agencia que realiza la transcripción CO-MdFUSB
Agencia que realiza la modificación CO-MdFUSB
041 ## - CÓDIGO DE IDIOMA
Código de idioma para texto/pista de sonido o título separado spa
100 1# - ASIENTO PRINCIPAL--NOMBRE PERSONAL
Nombre personal Pixner, Bargil
Término relacionador autor
242 13 - TRADUCCIÓN DEL TÍTULO POR AGENCIA CATALOGADORA
Traducción del título La entrada de esenio de Jerusalén :
Traducción del subtítulo Donde la comunidad vivió en el tiempo de Jesús
245 10 - TÍTULO
Título Jerusalem's essene gateway :
Subtitulo Where the community lived in Jesus' time
Mención de responsabilidad / Bargil Pixner
300 ## - DESCRIPCIÓN FÍSICA
Extensión Volumen 23. Número 3 (1997), páginas 23-31
Dimensiones : 28 cm.
520 1# - NOTA DE RESUMEN, ETC.
Nota de sumario, etc. A los esenios, una oscura secta judía que enfatizaba la pureza, a menudo se les atribuye haber dejado atrás la biblioteca de Pergaminos Muertos hallada en las cuevas cercanas a Qumran. Pero la teoría dice que Qumran fue simplemente su retiro en el desierto. Otros Esenios vivieron en Jerusalén. ¿pero donde? Las excavadoras en el Monte Sion afirman haber descubierto el vecindario aislado que los esenios llamaban su hogar.
546 ## - NOTA DE IDIOMA
Nota de idioma Texto en inglés
650 #7 - ASIENTO SECUNDARIO DE MATERIA - TERMINO TEMÁTICO
9 (RLIN) 403
Término temático o nombre geográfico como elemento de entrada Excavaciones arqueológicas
773 0# - ASIENTO DE ITEM FUENTE
Título Biblical Archaeology Review
Biblionumber 49395
Itemnumber 59490
Parte(s) relacionada(s) / Volumen., número. (mes año), páginas Volumen 23. Número 3 (1997), páginas 23-31
Enumeración y primera página Página 23
942 ## - TIPO DE MATERIAL (KOHA)
Tipo de Item KOHA Artículos de Revista
Existencias
Expurgo - (Retirado) Estado de Perdido Estado de Dañado No prestable Colección Ubicación habitual Ubicación actual Fecha de Adquisición Signatura Topográfica Tipo de Material
        Colección de Hemeroteca Biblioteca FUSBC Biblioteca FUSBC 26/01/2016 Artículos de Revista

Biblioteca FUSBC | Teléfono: (57+4) 349 88 10 Ext. 141| WhatsApp (+57) 3005338115 
E-mail: biblioteca@unisbc.edu.co | Calle 76 87-14 Robledo Palenque, Medellín, Colombia

Con tecnología Koha